Briefing (Record no. 78607)
[ view plain ]
| 000 -LEADER | |
|---|---|
| fixed length control field | 01085cab a22002295a 4500 |
| 001 - CONTROL NUMBER | |
| control field | L137455 |
| 008 - FIXED-LENGTH DATA ELEMENTS--GENERAL INFORMATION | |
| fixed length control field | 070405s2007 xxk f 000 0 eng d |
| 035 ## - SYSTEM CONTROL NUMBER | |
| System control number | (Sirsi) u137455 |
| 041 0# - LANGUAGE CODE | |
| Language code of text/sound track or separate title | eng |
| 100 1# - MAIN ENTRY--PERSONAL NAME | |
| Personal name | Soetanto, R |
| 245 00 - TITLE STATEMENT | |
| Title | Briefing |
| Remainder of title | improving management of people in construction |
| 260 ## - PUBLICATION, DISTRIBUTION, ETC. | |
| Date of publication, distribution, etc. | 2007 |
| 490 ## - SERIES STATEMENT | |
| Series statement | Management Procurement and Law |
| Volume/sequential designation | 160(MP1) February 2007, 7-8(2) |
| 520 ## - SUMMARY, ETC. | |
| Summary, etc. | Investigates employee empowerment, teamwork, leadership and how they interact within the project environment and supply chain context with the aim of enhancing construction project and organisational performance through the adoption of appropriate strategies. The investigation involved interviews, case studies and a questionnaire to understand current practices. It was found that empowered employees had a greater feeling of satisfaction, motivation and organisational loyalty. |
| 590 ## - LOCAL NOTE (RLIN) | |
| Local note | KA |
| 650 24 - SUBJECT ADDED ENTRY--TOPICAL TERM | |
| Topical term or geographic name entry element | CONSTRUCTION INDUSTRY |
| 651 #4 - SUBJECT ADDED ENTRY--GEOGRAPHIC NAME | |
| Geographic name | United Kingdom |
| Chronological subdivision | |
| 690 ## - LOCAL SUBJECT ADDED ENTRY--TOPICAL TERM (OCLC, RLIN) | |
| Topical term or geographic name as entry element | Construction management |
| 9 (RLIN) | 6230 |
| 700 1# - ADDED ENTRY--PERSONAL NAME | |
| Personal name | Price, A. |
| 700 1# - ADDED ENTRY--PERSONAL NAME | |
| Personal name | Dainty, A. |
| 942 ## - ADDED ENTRY ELEMENTS (KOHA) | |
| Suppress in OPAC | 0 |
| Withdrawn status | Lost status | Source of classification or shelving scheme | Damaged status | Not for loan | Home library | Current library | Shelving location | Date acquired | Total Checkouts | Full call number | Barcode | Date last seen | Copy number | Price effective from | Koha item type |
|---|---|---|---|---|---|---|---|---|---|---|---|---|---|---|---|
| Dewey Decimal Classification | London | London | Journal article | 05/04/2007 | L137455 | 137455-1001 | 06/08/2019 | 1 | 06/08/2019 | Journal article |